| 000 | 00463nam a22001217a 4500 | ||
|---|---|---|---|
| 040 | _cRUA | ||
| 082 | _aAFS CIA 2018 A126 Or. | ||
| 100 | _aCIAT,USAID, MEKONG INSTITUTE,RUA,AFSA.,UCDAVIS. | ||
| 245 | _a4th AFSA Internationnal Conference On Food Safety And Food Security (AFSA2018)10-12 August 2018, Angkor Paradise Hotel Siem Reap, Cambodia,Technical Program & Book Of Abstracts, | ||
| 260 |
_aPHNOM PENH _bRUA _c2018 |
||
| 300 |
_a106p. _bill. _c29cm, |
||
| 942 | _cEK | ||
| 999 |
_c25380 _d25380 |
||